<?xml version="1.0" encoding="UTF-8"?><?xml-stylesheet type="text/xsl" href="static/style.xsl"?><OAI-PMH xmlns="http://www.openarchives.org/OAI/2.0/" xmlns:xsi="http://www.w3.org/2001/XMLSchema-instance" xsi:schemaLocation="http://www.openarchives.org/OAI/2.0/ http://www.openarchives.org/OAI/2.0/OAI-PMH.xsd"><responseDate>2026-04-17T14:18:56Z</responseDate><request verb="GetRecord" identifier="oai:www.recercat.cat:2445/186106" metadataPrefix="marc">https://recercat.cat/oai/request</request><GetRecord><record><header><identifier>oai:recercat.cat:2445/186106</identifier><datestamp>2025-11-20T10:49:42Z</datestamp><setSpec>com_2072_1057</setSpec><setSpec>col_2072_478857</setSpec><setSpec>col_2072_478901</setSpec><setSpec>col_2072_478917</setSpec></header><metadata><record xmlns="http://www.loc.gov/MARC21/slim" xmlns:dcterms="http://purl.org/dc/terms/" xmlns:xsi="http://www.w3.org/2001/XMLSchema-instance" xmlns:doc="http://www.lyncode.com/xoai" xsi:schemaLocation="http://www.loc.gov/MARC21/slim http://www.loc.gov/standards/marcxml/schema/MARC21slim.xsd">
   <leader>00925njm 22002777a 4500</leader>
   <datafield ind2=" " ind1=" " tag="042">
      <subfield code="a">dc</subfield>
   </datafield>
   <datafield ind2=" " ind1=" " tag="720">
      <subfield code="a">Ripoll, Gisela</subfield>
      <subfield code="e">author</subfield>
   </datafield>
   <datafield ind2=" " ind1=" " tag="260">
      <subfield code="c">2022-05-30T14:08:32Z</subfield>
   </datafield>
   <datafield ind2=" " ind1=" " tag="260">
      <subfield code="c">2022-05-30T14:08:32Z</subfield>
   </datafield>
   <datafield ind2=" " ind1=" " tag="260">
      <subfield code="c">2017</subfield>
   </datafield>
   <datafield ind2=" " ind1=" " tag="260">
      <subfield code="c">2022-05-30T14:08:32Z</subfield>
   </datafield>
   <datafield ind2=" " ind1=" " tag="520">
      <subfield code="a">The Eerdmans Encyclopedia of Early Christian Art and Archaeology (EEECAA) es sin duda una de las grandes novedades editoriales de 2017 y, por qué no decirlo, de este inicio de siglo xxi. En el arranque de la era digital donde todo sucede en una pantalla, es de aplaudir el haber publicado una obra en la más pura tradición de mediados del siglo xviii como L'Encyclopédie o el Dictionnaire raisonné des sciences, des arts et des métiers de Diderot y d'Alembert.</subfield>
   </datafield>
   <datafield tag="653" ind2=" " ind1=" ">
      <subfield code="a">Ressenyes (Documents)</subfield>
   </datafield>
   <datafield tag="653" ind2=" " ind1=" ">
      <subfield code="a">Reviews (Documents)</subfield>
   </datafield>
   <datafield tag="653" ind2=" " ind1=" ">
      <subfield code="a">FINNEY, Paul Corby (ed.), The Eerdmans Encyclopedia of Early Christian Art and Archaeology, William B. Eerdmans Publishing Company, Grand Rapids, Michigan, 2017, vol. I</subfield>
   </datafield>
   <datafield ind2="0" ind1="0" tag="245">
      <subfield code="a">FINNEY, Paul Corby (ed.), The Eerdmans Encyclopedia of Early Christian Art and Archaeology, William B. Eerdmans Publishing Company, Grand Rapids, Michigan, 2017, vol. I, 778 pp. +ix-xliv, vol. 2, 754 pp. + ix-xxxvi, vol. 3, 164 láms. + 22 mapas, ISBN: 978-0-8028-3811-7</subfield>
   </datafield>
</record></metadata></record></GetRecord></OAI-PMH>